[Event "47th GER-ch Blitz 2020"]
[Site "Magdeburg"]
[Date "2020.08.15"]
[Round "22.13"]
[White "Wichmann, Cliff"]
[Black "Koch, Thomas"]
[Result "0-1"]
[WhiteElo "2305"]
[BlackElo "2461"]
[Annotator "TA"]
[PlyCount "55"]
[EventDate "2020.07.28"]
[EventType "tourn"]
[EventCountry "GER"]
[SourceTitle "playchess.com"]
[Source "ChessBase"]
[SourceQuality "1"]

{[%evp 10,55,11,14,8,17,25,33,21,13,27,6,10,-12,-18,-59,-54,-54,-42,-48,-38,-92,-73,-150,-160,-160,-182,-163,38,28,145,154,136,27,51,53,395,93,263,247,414,131,106,0,0,0,67,14]} 1. d4 Nf6 2. c4 e6 3. Nf3 b6 4. g3 Ba6 5. Nbd2 Bb4 6. Qc2 Bb7 {E15: Queen's Indian: 4 g3 sidelines, 4 g3 Ba6 and 4 g3 Bb7 early deviations.} 7. Bg2 O-O 8. O-O d5 9. b3 {[#]} (9. Ne5 Nbd7 10. Ndf3 Nxe5 11. Nxe5 c6 12. Qa4 Bd6 13. Bg5 Qe8 14. Bxf6 gxf6 15. Nf3 c5 {0-1 (36) Wichmann,C (2280)-Koch,T (2474) Magdeburg 2019}) 9... Na6 $146 ({Predecessor:} 9... Nbd7 10. Bb2 Rc8 11. Rfd1 Re8 12. e3 Qe7 13. Rac1 Ba3 14. Bxa3 Qxa3 15. Nb1 Qe7 {0-1 (62) Isilak,E (1779)-Gokerkan,C (2279) Izmir 2016}) 10. Ne5 Be7 11. e4 dxc4 12. Qxc4 c5 $1 13. d5 exd5 14. exd5 Nxd5 15. Ne4 ({White should try} 15. Re1 $15) 15... Nab4 16. Bb2 (16. Qe2 $142) 16... Ba6 $17 {[%mdl 64] [#] Skewer} 17. Qc1 Bxf1 18. Qxf1 Qc7 $2 ({Black should play} 18... Qe8 $19 {Threatens to win with ...Rd8.} 19. a3 Nc2) 19. a3 $1 $14 Rad8 (19... Nc2 $1 $11 20. Rc1 {[#]} Nxa3 $1 {[%mdl 512]}) 20. axb4 $16 Nxb4 21. Nc4 (21. Qe2 $16) 21... f5 22. Be5 {[%mdl 1024] White has compensation.} Qc8 $2 {[%mdl 8192]} (22... Qd7 $14 23. Nc3 h6) 23. Nc3 $2 (23. Rxa7 $18 {and the rest is easy.} Rf7 24. Ned6 (24. Nxb6 Qe6 $11) 24... Bxd6 25. Nxd6 Rxd6 26. Rxf7 Kxf7 27. Bxd6) 23... Nc6 $2 (23... Qd7 $16 {was called for.}) 24. Nd5 $18 {Strongly threatening Rxa7!} Rfe8 $2 (24... Rf7 25. Rd1 h6) 25. Re1 $2 (25. Nc7 $18 Bf6 26. Bxf6 Qxc7 27. Bxd8 Rxd8 28. Bxc6 Qxc6 29. Rxa7) 25... Bf8 $16 26. f4 (26. Bc3 $16) 26... b5 $11 27. Nb2 a6 (27... c4 $11 28. bxc4 Nxe5 29. fxe5 Ba3) 28. Bc3 {[%mdl 32768] Accuracy: White = 49%, Black = 50%. . Loss on time!?} ({Better is} 28. Nd3 $14) 0-1

[Event "47th GER-ch Blitz 2020"]
[Site "Magdeburg"]
[Date "2020.08.15"]
[Round "22.14"]
[White "Zelbel, Patrick"]
[Black "Meier, Georg"]
[Result "0-1"]
[WhiteElo "2448"]
[BlackElo "2621"]
[Annotator "TA"]
[PlyCount "120"]
[EventDate "2020.07.28"]
[EventType "tourn"]
[EventCountry "GER"]
[SourceTitle "playchess.com"]
[Source "ChessBase"]
[SourceQuality "1"]

{[%evp 9,120,9,29,22,29,-14,-12,-14,-13,-14,0,1,5,4,18,2,22,14,20,14,23,0,0,-17,0,0,0,0,-1,-46,-22,-16,-15,-66,0,0,0,-23,0,-30,2,0,35,33,84,75,77,4,10,0,35,0,28,0,72,41,46,0,73,45,45,50,50,50,56,0,0,0,0,0,0,0,0,0,0,0,0,-150,-164,-206,-217,-212,-188,-165,-150,-476,-448,-1051,-431,-492,-443,-29959,-29966,-29966,-29961,-4602,-2433,-29975,-29976,-29976,-29977,-29978,-29977,-29979,-29978,-29978,-29979,-29980,-29976,-29977,-29978,-29982,-29983]} 1. e4 e6 2. d4 d5 3. Nd2 dxe4 4. Nxe4 Nd7 5. g4 b6 (5... Rb8 6. Bg2 b5 7. g5 Bb7 8. Ne2 Ne7 9. Bf4 Nf5 10. h4 Bd6 11. Qd3 O-O 12. O-O-O b4 {0-1 (20) Zelbel,P (2552)-Meier,G (2560) Playchess.com INT 2020}) 6. Bg2 {[#] C10: French with 3 Nc3: Unusual Black 3rd moves and 3...dxe4.} Bb7 $146 ({Predecessor:} 6... Rb8 7. Bf4 h6 8. Qd3 Ngf6 9. O-O-O Nd5 10. Bg3 b5 11. f4 Be7 12. h4 a5 {0-1 (37) Makepeace,P (1954)-Webster,R (1978) Swansea 2006}) 7. Nd6+ Bxd6 8. Bxb7 {The position is equal.} Rb8 $1 {[%cal Rb8b7]} 9. Bg2 Ngf6 10. g5 Nd5 11. Ne2 b5 12. Qd3 c6 13. Bd2 Qc7 14. h4 a5 15. a3 a4 16. h5 h6 17. Rh4 hxg5 18. Bxg5 Be7 19. Qd2 (19. Bxe7 {is interesting.} Nxe7 20. Qd2 Nf6 21. Ng3 Rh6 22. Qg5) 19... Qd8 20. Bxe7 Qxe7 21. Rh1 (21. Rh3 $11) 21... N7f6 (21... N7b6 $15) 22. Nf4 $11 Qd6 23. Nxd5 Nxd5 24. O-O-O Kf8 25. h6 g6 26. h7 $36 {[%mdl 2048] Strongly threatening Bxd5. Black is under pressure.} Ke7 (26... Qf4 $1 $14) 27. Qg5+ Kd7 28. Rh4 (28. Bxd5 $16 Qxd5 29. Qg3) 28... Qe7 29. Qg3 Qd6 30. Qg5 Qe7 31. Qg3 Qf6 (31... Qd6 $11 {remains equal.}) 32. Rd3 g5 33. Rh1 Qf4+ (33... Nf4 $11 34. Re3 Qg7) 34. Kb1 Qxg3 35. Rxg3 f6 36. Bxd5 cxd5 $14 {[%mdl 4096] Endgame KRR-KRR} 37. f4 (37. Rh6 $14) 37... gxf4 $11 38. Rg7+ Kd6 39. Rf7 f5 40. Rf1 Rbf8 41. Rb7 Rb8 42. Rf7 Rbe8 {Black wants to play ...Re7.} 43. Rxf4 (43. Ra7 $1 $11) 43... Re7 $17 44. Rxe7 Kxe7 $19 {KR-KR} 45. Rh4 Kf6 46. Rh6+ {[#]} Kg5 $1 {[%cal Rg5h6]} 47. Rxe6 $2 {This move loses the game for White.} (47. Rh2 $17 {is tougher.}) 47... Rxh7 48. Rd6 (48. Kc1 $142 f4 49. Kd2) 48... f4 (48... Rh1+ $142 49. Ka2 f4 50. Rxd5+ Kg4 51. Rxb5 f3) 49. Rxd5+ Kg4 50. Rxb5 {[#]} (50. Kc1 $19 f3 51. Kd2) 50... f3 51. Rb8 Rf7 52. Rg8+ Kh3 53. Rg1 f2 {Black mates.} 54. Rd1 f1=Q 55. Rxf1 Rxf1+ {KR-KP} 56. Ka2 Rf2 57. Kb1 Kg4 58. b3 Kf5 59. bxa4 Ke4 60. a5 Kxd4 {Accuracy: White = 58%, Black = 78%.} 0-1

[Event "47th GER-ch Blitz 2020"]
[Site "Magdeburg"]
[Date "2020.08.15"]
[Round "22.15"]
[White "Dobrikov, Marco"]
[Black "Frischmann, Rick"]
[Result "0-1"]
[WhiteElo "2290"]
[BlackElo "2347"]
[Annotator "TA"]
[PlyCount "68"]
[EventDate "2020.07.28"]
[EventType "tourn"]
[EventCountry "GER"]
[SourceTitle "playchess.com"]
[Source "ChessBase"]
[SourceQuality "1"]

{[%evp 9,68,46,58,35,58,-39,88,44,108,0,123,120,139,145,145,7,4,-28,-37,-122,-121,-118,-118,-118,-113,-125,-118,-115,-113,-113,-113,-110,-101,-113,-99,-178,-118,-133,-136,-165,-135,-171,-162,-171,-158,-164,-146,-147,-133,-249,-247,-255,-253,-224,-140,-132,-126,-804,-804,-781,-497]} 1. e4 d5 2. exd5 Qxd5 3. Nc3 Qd6 4. d4 Nf6 5. Nf3 Nc6 6. Be2 {B01: Scandinavian Defence.} Bg4 7. h3 (7. d5 $14 Bxf3 8. Bxf3 Qe5+ 9. Be3) 7... Bh5 (7... Bxf3 $1 $15 8. Bxf3 O-O-O) 8. O-O {White is better.} O-O-O {[#]} ({Better is} 8... a6 $14) 9. Be3 $146 ({White should try} 9. Ng5 $16 h6 10. Bxh5 hxg5 11. Bxf7) ({Predecessor:} 9. Nb5 Qd7 10. c3 e6 11. b4 Nd5 12. Qb3 Be7 13. Re1 Bg6 14. Bd2 Kb8 15. Na3 {1-0 (42) Arzumanian,G (2363)-Ustianovich,N Alushta 1999}) 9... e5 (9... Bxf3 $11 {keeps the balance.} 10. Bxf3 Nxd4) 10. Nxe5 $16 Bxe2 11. Qxe2 ({Reject} 11. Nxe2 $6 Nxe5 12. Bf4 (12. dxe5 Qxe5 13. Nd4 Qe4 $11) 12... Nf3+ 13. gxf3 Qd7 $11) 11... Nxe5 12. dxe5 (12. Nb5 $1 $16 {[%cal Rb5d6]} Nf3+ 13. Qxf3) 12... Qxe5 $11 13. Nb5 (13. Bxa7 $2 Qxe2 14. Nxe2 b6 $19) 13... Bc5 $1 14. Qc4 (14. Rae1 $15) 14... Bxe3 $17 15. fxe3 a6 16. Nc3 Qxe3+ 17. Kh1 Rd7 18. Rae1 Qg5 19. Ne4 Nxe4 20. Qxe4 Kb8 21. Re3 Qg6 22. Qc4 {[#]} (22. Rf2 $17 {is a better defense.}) 22... Rhd8 ({Black should play} 22... Rd2 $1 $19 {[%csl Gd2][%cal Rg6g2]} 23. Re2 b5) 23. Ref3 {[%cal Rf3f7]} f6 24. Rc3 Ka8 25. Rg1 c6 26. a4 Rd4 27. Qc5 R8d5 28. Qf8+ {[#]} Ka7 $1 29. Re3 (29. Qe7 $17 {keeps fighting.}) 29... Rd1 $19 ({Don't take} 29... Qxc2 30. Qxg7 Rxa4 31. Qc7) ({Resist} 29... Rxa4 30. Re8) 30. Re8 {And now Ra8+ would win.} Rxg1+ 31. Kxg1 {Ra8+ is the strong threat.} Rd1+ $40 {[%mdl 128] Black wants a kill.} 32. Kh2 {Intending Qc5+ and mate.} Qf5 {( -> ...Qf4+)} 33. Qxg7 $2 {[%mdl 8192]} (33. Ra8+ $17 Kb6 34. Qb4+ Kc7 35. Re8) 33... Qf4+ {[%mdl 64] Double Attack} 34. Qg3 {[#]} Rh1+ $1 {[%mdl 512] Black used his chance. Accuracy: White = 40%, Black = 67%.} 0-1

[Event "47th GER-ch Blitz 2020"]
[Site "Magdeburg"]
[Date "2020.08.15"]
[Round "23.1"]
[White "Frischmann, Rick"]
[Black "Donchenko, Alexander"]
[Result "0-1"]
[WhiteElo "2347"]
[BlackElo "2646"]
[Annotator "TA"]
[PlyCount "70"]
[EventDate "2020.07.28"]
[EventType "tourn"]
[EventCountry "GER"]
[SourceTitle "playchess.com"]
[Source "ChessBase"]
[SourceQuality "1"]

{[%evp 9,70,21,25,29,62,68,70,70,72,64,64,62,64,64,81,77,81,79,71,75,176,68,69,47,79,20,22,-54,17,0,18,0,17,0,0,0,44,0,0,0,94,99,93,-66,-36,-50,0,0,14,35,30,0,0,-77,4,-107,-89,-82,-33,-624,-621,-582,-555]} 1. e4 Nf6 2. e5 Nd5 3. d4 d6 4. Bc4 c6 5. f4 Nb6 6. Bb3 {[#] B03: Alekhine's Defence: Four Pawns Attack.} g6 $146 ({Predecessor:} 6... Bf5 7. Ne2 d5 8. Be3 e6 9. Nd2 h5 10. O-O Be7 11. c3 Na6 12. Ng3 g6 13. Nxf5 exf5 {0-1 (49) Petr,M (2416)-Sergeev,V (2434) Marianske Lazne 2006}) 7. Nf3 Bg7 8. O-O {White is slightly better.} O-O 9. Nbd2 a5 10. a4 Na6 11. Ne4 Bg4 12. c3 d5 13. Nf2 Bxf3 14. Qxf3 c5 (14... e6 $16) 15. dxc5 (15. f5 $18) 15... Nxc5 $14 16. Bc2 Rc8 17. Rd1 (17. h4 $16) 17... e6 $11 18. b3 (18. Ng4 $11) 18... Nbd7 (18... f6 $15 19. Qh3 fxe5 20. fxe5 Nbd7) 19. Be3 f6 20. exf6 Qxf6 21. Rac1 Qe7 22. Bd4 Kh8 23. Qh3 {With the idea Bxg6.} Qf7 24. Ng4 Ne4 (24... Bxd4+ $11 {remains equal.} 25. cxd4 Ne4) 25. Bxe4 $1 $16 dxe4 26. Nh6 $2 {[#]} (26. Qe3 $16) 26... Qe7 $1 $15 27. Bxg7+ Kxg7 28. Ng4 $1 Rf5 29. Qe3 Nc5 30. b4 Nd3 {[%mdl 64] Double Attack} 31. Rc2 {[#]} (31. Qd4+ $11 e5 32. Nxe5 Nxe5 33. fxe5) 31... Nxb4 ({Reject} 31... Nxf4 $6 32. Qxe4 axb4 33. Rf2 $11) (31... Rc4 $1 $17 32. bxa5 Rxa5) 32. Rb2 (32. Rcd2 $11 Nd5 33. Qd4+ Nf6 34. Nxf6 Rxf6 35. Rb1) 32... Nd3 $17 {[%mdl 64] Double Attack} 33. Rb6 {Threatening Qd4+.} Qc5 34. Rxd3 $4 {[%mdl 8192]} (34. Rxb7+ $15 Rf7 35. Qxc5 Rxc5 36. Rxf7+ Kxf7 37. Nf2) 34... exd3 $19 35. Rxb7+ Kf8 {Accuracy: White = 57%, Black = 63%.} 0-1

[Event "47th GER-ch Blitz 2020"]
[Site "Magdeburg"]
[Date "2020.08.15"]
[Round "23.2"]
[White "Meier, Georg"]
[Black "Dobrikov, Marco"]
[Result "1-0"]
[WhiteElo "2621"]
[BlackElo "2290"]
[Annotator "TA"]
[PlyCount "27"]
[EventDate "2020.07.28"]
[EventType "tourn"]
[EventCountry "GER"]
[SourceTitle "playchess.com"]
[Source "ChessBase"]
[SourceQuality "1"]

{[%evp 9,27,20,24,10,14,29,61,29,34,39,82,81,231,218,265,155,383,366,555,553]} 1. Nf3 c5 2. c4 Nc6 3. Nc3 e5 4. e3 Nf6 5. Be2 Be7 6. d4 {A34: Symmetrical English: 2 Nc3, lines with ...d5.} cxd4 7. exd4 e4 8. Ne5 {White is slightly better.} (8. Ng5 $5 {[%cal Rd4d5]}) 8... O-O 9. O-O {[#]} Qc7 $146 ({Predecessor:} 9... Re8 10. Bf4 d6 11. Nxc6 bxc6 12. Qd2 d5 13. c5 Bg4 14. Ba6 Qd7 15. b4 Nh5 {1-0 (73) Melkumyan,H (2670)-Khusnutdinov,R (2470) St Petersburg 2018}) 10. Bf4 Qb6 {[#]} (10... d6 $16 {was called for.} 11. Nxc6 bxc6) 11. c5 $1 $18 {[%cal Rc5b6]} Qxb2 12. Rc1 (12. Na4 $18 Qb4 13. Rb1) 12... Qb4 $2 (12... d5 $16) 13. Nc4 {Hoping for a3.} b6 (13... Nxd4 $142 14. Qxd4 Qxc5) 14. a3 {Black got outplayed after the opening. Accuracy: White = 66%, Black = 17%.} 1-0

[Event "47th GER-ch Blitz 2020"]
[Site "Magdeburg"]
[Date "2020.08.15"]
[Round "23.3"]
[White "Koch, Thomas"]
[Black "Zelbel, Patrick"]
[Result "1/2-1/2"]
[WhiteElo "2461"]
[BlackElo "2448"]
[Annotator "ChessBase"]
[PlyCount "21"]
[EventDate "2020.07.28"]
[EventType "tourn"]
[EventCountry "GER"]
[SourceTitle "playchess.com"]
[Source "ChessBase"]
[SourceQuality "1"]
[TimeControl "180+2"]

1. d4 {[%emt 0:00:00]} Nf6 {[%emt 0:00:00]} 2. c4 {[%emt 0:00:01]} e6 {[%emt 0:00:00]} 3. Nf3 {[%emt 0:00:01]} c5 {[%emt 0:00:00]} 4. d5 {[%emt 0:00:04]} exd5 {[%emt 0:00:00]} 5. cxd5 {[%emt 0:00:01]} d6 {[%emt 0:00:01]} 6. g3 {[%emt 0:00:02]} g6 {[%emt 0:00:01]} 7. Bg2 {[%emt 0:00:01]} Bg7 {[%emt 0:00:01]} 8. O-O {[%emt 0:00:03]} O-O {[%emt 0:00:01]} 9. Nc3 {[%emt 0:00:01]} Nbd7 {[%emt 0:00:02]} 10. Nd2 {[%emt 0:00:05]} Nh5 {[%emt 0:00:01]} 11. Nc4 {[%emt 0:00:06]} 1/2-1/2

[Event "47th GER-ch Blitz 2020"]
[Site "Magdeburg"]
[Date "2020.08.15"]
[Round "23.4"]
[White "Svane, Rasmus"]
[Black "Wichmann, Cliff"]
[Result "0-1"]
[WhiteElo "2613"]
[BlackElo "2305"]
[Annotator "TA"]
[PlyCount "86"]
[EventDate "2020.07.28"]
[EventType "tourn"]
[EventCountry "GER"]
[SourceTitle "playchess.com"]
[Source "ChessBase"]
[SourceQuality "1"]

{[%evp 9,86,10,8,18,16,0,33,0,25,15,34,12,19,7,65,17,14,18,89,0,0,0,0,0,-6,-23,-18,-25,-12,-23,-6,-10,-8,-17,-11,-29,-31,-81,-77,-72,-73,-109,-109,-154,-158,-204,-208,-200,-120,-182,-174,-177,-167,-245,-218,-365,-358,-336,-333,-316,-316,-416,-324,-324,-324,-324,-324,-326,-342,-439,-413,-402,-362,-12835,-12835,-12833,-12834,-2363,-1057]} 1. d4 d5 2. c4 e6 3. Nc3 a6 4. e4 dxe4 5. Nxe4 Bb4+ 6. Nc3 $1 {D31: Queen's Gambit Declined: Semi-Slav without ...Nf6 (+ Marshall Gambit and Noteboom) and Exchange Variation lines without ...Nf6.} Nf6 7. Nf3 O-O {[#]} 8. Be2 $146 {White is slightly better.} ({Predecessor:} 8. Bg5 Nbd7 9. Bd3 h6 10. Bh4 c5 11. O-O cxd4 12. Nxd4 Be7 13. Be2 Ne5 14. Nf3 {½-½ (27) Cruz Gomez,I (2036)-Perez Perez,G (2114) Tenerife 2019}) 8... b6 9. O-O Bb7 10. Ne5 Nc6 11. Bf3 Qe8 (11... Nxe5 $11 12. Bxb7 Nxc4) 12. Nxc6 (12. Re1 {feels hotter.} Nxe5 13. Bxb7 Nxc4 14. Bg5 Nd7 15. Bxa8 Bxc3 16. bxc3 Qxa8 17. Qg4) 12... Bxc6 13. Bg5 Bxc3 {[#]} (13... Be7 $11 {remains equal.}) 14. bxc3 ({White should try} 14. Bxf6 $1 $16 gxf6 15. bxc3) 14... Ne4 $11 15. Bxe4 Bxe4 16. Re1 Qc6 17. f3 Bg6 18. Qe2 Rfe8 19. Bf4 f6 20. Bg3 Bf7 21. Qf1 Re7 22. Kh1 Rae8 23. Red1 e5 {Black continues to play with concentration.} 24. d5 Qa4 25. c5 bxc5 {[%cal Bb6c5,Bc5c4][%mdl 32]} 26. Bf2 c4 27. d6 cxd6 28. Rxd6 Bg6 29. Qe2 (29. Qd1 $17 Qa5 30. Qd5+ Qxd5 31. Rxd5) 29... Bd3 $19 30. Qb2 {[#]} e4 $1 {[%cal Re4f3]} 31. fxe4 (31. Rg1 $142) 31... Rxe4 ({Resist} 31... Bxe4 32. a3) 32. h3 (32. Qb7 {was worth a try.} Qb5 33. Qa7) 32... Re2 33. Qb6 Qc2 34. Rd8 h6 {White must now prevent ...Rxd8.} ({Don't play} 34... Qxc3 35. Bd4 $19) 35. Re1 Rxd8 36. Qxd8+ Kh7 37. Rxe2 Qxe2 38. Qd4 Qxa2 39. Bg3 a5 {[%cal Ba6a5,Ba5a4][%mdl 32] Strongly threatening ...a4.} 40. Bd6 Qe2 {Hoping for ...Be4!} 41. Bf8 $2 {[#]} (41. Qg4 Qe1+ 42. Kh2) 41... Be4 $1 {[%csl Ge4][%cal Re2g2] Black is clearly winning.} 42. Qg1 a4 43. Bc5 Qd3 {Accuracy: White = 52%, Black = 75%.} (43... Qb2 $142 44. Qf1 Qxc3) 0-1

[Event "47th GER-ch Blitz 2020"]
[Site "Magdeburg"]
[Date "2020.08.15"]
[Round "23.5"]
[White "Reichmann, Hendrik"]
[Black "Barzen, Pascal"]
[Result "1-0"]
[WhiteElo "2348"]
[BlackElo "2321"]
[Annotator "TA"]
[PlyCount "65"]
[EventDate "2020.07.28"]
[EventType "tourn"]
[EventCountry "GER"]
[SourceTitle "playchess.com"]
[Source "ChessBase"]
[SourceQuality "1"]

{[%evp 9,65,3,1,-5,0,-1,0,0,0,4,7,-6,-4,-18,-27,-43,-4,-28,38,-45,-18,-32,-31,-33,0,40,30,32,70,33,35,33,355,358,329,325,311,283,437,434,410,428,551,547,552,527,544,537,758,727,829,813,1568,1368,5129,2295,29997,29998]} 1. d4 Nf6 2. Bf4 e6 3. e3 b6 4. Nf3 Bb7 5. h3 d5 {[#]} 6. Ne5 $146 {A47: 1 d4 Nf6 2 Nf3 b6: Torre, London and Colle Systems.} ({Predecessor:} 6. Bh2 Bd6 7. Ne5 O-O 8. Nd2 Nbd7 9. Bd3 Bxe5 10. dxe5 Ne4 11. Nxe4 dxe4 12. Bb5 Nc5 13. Qxd8 Raxd8 {½-½ (55) Lagarde,M (2657)-Abasov,N (2632) chess24.com INT 2020}) 6... a6 7. c3 Bd6 8. Nd2 {The position is equal.} O-O 9. Bd3 c5 10. Bg3 Nc6 11. f4 Ne7 12. Qf3 b5 13. Bh4 Ng6 (13... c4 $11 14. Bc2 Ng6) 14. Bxf6 (14. Bg5 $14) 14... gxf6 $15 15. Ng4 f5 16. Ne5 f6 ({Black should try} 16... b4 $15) 17. Nxg6 $14 hxg6 18. g4 Kf7 19. gxf5 gxf5 20. Rg1 {[#] Intending Qh5+ and mate.} Ke7 $2 {[%mdl 8192] Black cannot hold the game after this.} (20... Rh8 $14) 21. Rg7+ $18 Rf7 22. Rxf7+ Kxf7 23. Qh5+ Ke7 (23... Kg8 {was worth a try.} 24. Kf2 Bf8 25. Rg1+ Bg7 26. dxc5 Qf8) 24. Qh7+ Ke8 25. Qxb7 cxd4 26. cxd4 Rc8 27. Ke2 Rc7 28. Qxa6 Rg7 29. Bxb5+ Kf8 30. Rc1 {[#] And now Rc8! would win.} Bc7 31. Qxe6 Rg2+ 32. Kf3 Rxd2 33. Rg1 {Accuracy: White = 84%, Black = 55%.} 1-0

[Event "47th GER-ch Blitz 2020"]
[Site "Magdeburg"]
[Date "2020.08.15"]
[Round "23.6"]
[White "Svane, Frederik"]
[Black "Baskin, Robert"]
[Result "1-0"]
[WhiteElo "2421"]
[BlackElo "2390"]
[Annotator "TA"]
[PlyCount "63"]
[EventDate "2020.07.28"]
[EventType "tourn"]
[EventCountry "GER"]
[SourceTitle "playchess.com"]
[Source "ChessBase"]
[SourceQuality "1"]

{[%evp 17,63,31,14,-51,-40,-53,-47,-64,-80,-106,-105,-114,-71,-69,-62,-81,-38,-51,-46,-40,-52,-52,24,-84,-28,-143,0,0,0,-71,-82,-72,-76,-79,-78,-80,-46,-58,83,68,75,71,635,633,5010,2644,4986,2240]} 1. e4 e5 2. Nf3 Nc6 3. Bb5 a6 4. Ba4 Nf6 5. O-O Nxe4 6. d4 b5 7. Bb3 d5 8. dxe5 Be6 9. Qe2 Be7 10. c4 {C81: Open Ruy Lopez: Keres Variation (9 Qe2).} ({White should try} 10. c3 $11) 10... bxc4 $15 11. Ba4 Bd7 $1 {[#]} 12. e6 $1 {[%mdl 512] Black is slightly better.} fxe6 {Threatens to win with ...Bf6.} (12... Bxe6 13. Bxc6+) 13. Bxc6 Bxc6 14. Ne5 Qd6 15. Qh5+ g6 {[#]} 16. Nxg6 $1 {[%mdl 512]} Nf6 (16... hxg6 17. Qxh8+) 17. Qh3 {[#]} hxg6 $146 ({Predecessor:} 17... Rg8 18. Bf4 Qc5 19. Nxe7 Qxe7 20. Bxc7 Rg6 21. Bg3 Bd7 22. Qh4 Ne4 23. Qh5 Qg5 24. Qxg5 Rxg5 {0-1 (57) Aitken,J-Penrose,J Ilford 1950}) 18. Qxh8+ Kf7 19. Qh3 e5 (19... Qe5 $15) 20. Nd2 (20. b3 $11 {keeps the balance.}) 20... Bd7 ({Black should play} 20... Qe6 $17 {Threatening ...Qxh3.} 21. Qc3 Bd6) 21. Qg3 (21. Qh6 $11 {remains equal.}) 21... Rh8 (21... e4 $17 22. Qxd6 Bxd6) 22. Nf3 $36 {[%mdl 2048] White fights for an advantage.} Rh5 {White must now prevent ...Ne4.} 23. Re1 (23. Bg5 $11 e4 24. Ne5+ Ke6 25. f4 exf3 26. Rxf3 Rxg5 27. Qxg5) 23... Ne4 $17 24. Rxe4 {[%mdl 64] Remove Defender} dxe4 25. Ng5+ Kg7 {[%cal Rd6d1]} 26. Be3 Bf5 27. h4 Qd8 (27... a5 $15 {keeps the upper hand.}) 28. Qxe5+ $16 Bf6 {[#]} 29. Qxf5 $1 Bxg5 $2 {[%mdl 8192]} (29... Rxg5 $16 30. Qxe4 Qd5 31. Qxd5 Rxd5) 30. Bxg5 $18 {White is clearly winning.} Qd4 31. Qf4 Rh8 32. Qxc7+ {Accuracy: White = 63%, Black = 29%.} 1-0

[Event "47th GER-ch Blitz 2020"]
[Site "Magdeburg"]
[Date "2020.08.15"]
[Round "23.7"]
[White "Schneider, Ilja"]
[Black "Ehmann, Thilo"]
[Result "1-0"]
[WhiteElo "2479"]
[BlackElo "2329"]
[Annotator "TA"]
[PlyCount "87"]
[EventDate "2020.07.28"]
[EventType "tourn"]
[EventCountry "GER"]
[SourceTitle "playchess.com"]
[Source "ChessBase"]
[SourceQuality "1"]

{[%evp 18,87,0,4,37,23,53,35,37,44,68,71,73,81,73,21,42,29,176,158,182,106,126,32,6,0,0,0,0,0,0,0,0,0,0,-38,13,0,22,-6,-6,-6,0,-7,-4,0,0,-91,-87,-104,-103,-107,-101,-161,-152,-347,473,473,497,500,489,426,2031,2233,2113,2063,5110,5089,29987,29988,29991,29992]} 1. e4 c5 2. c3 Nf6 3. e5 Nd5 4. Nf3 e6 5. g3 Nc6 6. Bg2 d6 7. exd6 Bxd6 8. O-O O-O 9. d4 cxd4 10. Nxd4 Bc5 {B22: Sicilian: 2 c3.} 11. Nb3 Bb6 {[#]} 12. Na3 $146 ({Predecessor:} 12. N1d2 a6 13. Qe2 Nce7 14. Rd1 Qc7 15. Nf3 Ng6 16. c4 Nf6 17. Bd2 Ng4 18. Be1 {½-½ (53) Brinovec,D (2279)-Belli,G (2142) Nova Gorica 2020}) 12... a6 {White is slightly better.} 13. Qe2 Qf6 14. Nc4 {Hoping for Bxd5.} Bc7 15. Rd1 h6 16. Nd4 (16. a4 $16) 16... Nxd4 17. Rxd4 Nb6 (17... Bd7 $11 {and Black stays safe.}) 18. Bf4 $18 Nd5 {[%cal Rd5f4]} 19. Bxd5 ({White should try} 19. Bxc7 $18 Nxc7 20. Rd6) 19... exd5 $16 {[#]} 20. Bxc7 (20. Ne3 $1 $16 {[%cal Re3d5]} Bxf4 21. Nxd5 (21. Rxf4 Qe5 $16)) 20... dxc4 $14 21. Bd6 Rd8 22. Be7 Re8 23. Bxf6 Rxe2 24. Rd8+ Kh7 25. Bd4 b5 26. b3 Kg6 ({Better is} 26... cxb3 $15 27. axb3 a5) 27. h4 Bb7 28. Rd7 Bf3 29. bxc4 Rae8 $36 {[%mdl 2048] Black is more active.} 30. Be3 (30. Rd6+ {is interesting.} R8e6 31. c5 Rxd6 32. cxd6 Re6 33. Bc5) 30... bxc4 31. Rd6+ Re6 32. Rxe6+ (32. Rd4 $1 $11) 32... fxe6 $11 {[%mdl 4096] Endgame KRB-KRB} 33. a4 Kf5 34. Rb1 Ra2 35. Kh2 (35. Re1 $17) 35... Rxa4 36. Rb8 $2 (36. g4+ $17 {keeps fighting.} Kxg4 37. Rg1+ Kxh4 38. Rxg7) 36... Ra1 $4 {[%mdl 8192]} (36... e5 $19 {And now ...Ra1 would win.} 37. g4+ Kxg4) 37. Rf8+ $18 Ke4 {[%csl Gf3][%cal Ra1h1]} 38. Rf4+ Kd3 {[%csl Gf3][%cal Ra1h1]} 39. Rxf3 Kxc3 (39... a5 $142 40. Bd4+ Kc2) 40. Bxh6+ {[%mdl 64] [#] Discovered Attack} Kb4 41. Bxg7 Rc1 42. h5 a5 43. h6 a4 44. h7 {Quite a comeback for White. Accuracy: White = 63%, Black = 54%.} 1-0